00000000nam 2200000za 4500
0019.612601
003CaOODSP
00520240527135427
007ta
008150406|1995||||xxc|||||     f|0| 0 eng d
020 |a0-662-23884-2
022 |a0576-6370
040 |aCaOODSP|beng
043 |an-cn---
0861 |aCW69-1/89E
1102 |aCanadian Wildlife Service.
24514|aThe colonial waterbirds of Great Slave Lake, Northwest Territories : |ban annotated atlas / |cby J. Sirois et al.
260 |aOttawa - Ontario : |bEnvironment Canada. |c1995.
300 |a59p. : |bfigs., maps, references, tables ; |c28 cm.
4901 |aOccasional paper - Canadian Wildlife Service|x0576-6370|v89
500 |a"We documented the diversity, abundance, distribution, and nesting chronology of the colonial waterbirds of Great Slave Lake in 1986-1995. We also reviewed all available historical information."--Abstract.
5203 |aWe documented the diversity, abundance, distribution, and nesting chronology of the colonial waterbirds of Great Slave Lake in 1986-1995. We also reviewed all available historical information.--Abstract
546 |aRésumés en français
563 |aSoftcover
590 |a95-49|b1995-12-08
69007|aBirds|2gcpds
7201 |aSirois, J.
7760#|tThe colonial waterbirds of Great Slave Lake, Northwest Territories |w(CaOODSP)9.856121
830#0|aOccasional paper (Canadian Wildlife Service)|x0576-6370|v89|w(CaOODSP)9.514489